[Event "Villa Martelli Fischer Memorial"]
[Site "Villa Martelli"]
[Date "2008.03.16"]
[Round "6"]
[White "Mekhitarian, Krikor Sevag"]
[Black "Panno, Oscar"]
[Result "0-1"]
[WhiteElo "2456"]
[BlackElo "2429"]
[PlyCount "96"]
[EventDate "2008.03.11"]
[EventType "tourn"]
[EventRounds "9"]
[EventCountry "ARG"]
[EventCategory "9"]
[SourceTitle "CBM 123 Extra"]
[Source "ChessBase"]
[SourceDate "2008.05.06"]
[SourceVersion "1"]
[SourceVersionDate "2008.05.06"]
[SourceQuality "1"]

1. e4 c5 2. Nf3 Nc6 3. d4 cxd4 4. Nxd4 Qb6 5. Nb3 Nf6 6. Nc3 e6 7. Qe2 d6 8. g4
a6 9. Bg2 Qc7 10. Be3 Be7 11. g5 Nd7 12. O-O-O b5 13. f4 Nb6 14. Bxb6 Qxb6 15.
Rhe1 Ra7 16. Kb1 O-O 17. Rd3 b4 18. Nd1 a5 19. Qh5 g6 20. Qh6 f6 21. f5 Ne5 22.
fxg6 Nxg6 23. e5 f5 24. exd6 Bxd6 25. Nd2 Qc7 26. Nc4 Bc5 27. Rd2 Rd8 28. Qh3
Rxd2 29. Nxd2 Qd8 30. Nb3 Bb6 31. Qg3 Rd7 32. Bf3 a4 33. Nc1 Rd2 34. Be2 e5 35.
Bd3 e4 36. Bc4+ Kg7 37. Qb8 Qc7 38. Qxc7+ Bxc7 39. Ne3 Ne5 40. Nd5 Bd8 41. b3
Be6 42. Nf4 Bxc4 43. bxc4 Bxg5 44. Nce2 Bxf4 45. Nxf4 Nxc4 46. h4 Na3+ 47. Kb2
Rxc2+ 48. Ka1 b3 0-1

[Event "Villa Martelli Fischer Memorial"]
[Site "Villa Martelli"]
[Date "2008.03.17"]
[Round "7.3"]
[White "Valerga, Diego"]
[Black "Mekhitarian, Krikor Sevag"]
[Result "1-0"]
[WhiteElo "2478"]
[BlackElo "2456"]
[PlyCount "91"]
[EventDate "2008.03.11"]
[EventType "tourn"]
[EventRounds "9"]
[EventCountry "ARG"]
[EventCategory "9"]
[SourceTitle "CBM 123 Extra"]
[Source "ChessBase"]
[SourceDate "2008.05.06"]
[SourceVersion "1"]
[SourceVersionDate "2008.05.06"]
[SourceQuality "1"]

1. e4 c5 2. Nf3 Nc6 3. Bb5 d6 4. O-O Bd7 5. c3 Nf6 6. Re1 a6 7. Bf1 Bg4 8. h3
Bh5 9. d3 e6 10. Nbd2 Be7 11. g4 Bg6 12. Nh4 Nd7 13. Nxg6 hxg6 14. f4 g5 15. f5
Nde5 16. Nb3 b5 17. Be3 Rb8 18. Nd2 Qc7 19. d4 Nc4 20. Nxc4 bxc4 21. fxe6 fxe6
22. Qe2 O-O 23. Bg2 cxd4 24. cxd4 Na5 25. Rac1 Qd7 26. h4 Rb5 27. d5 e5 28.
hxg5 g6 29. Rf1 Rbb8 30. Rf3 Rxf3 31. Bxf3 Qa4 32. Qh2 Bf8 33. b3 Qa3 34. Be2
Rc8 35. Bf1 c3 36. Bxa6 Rc7 37. Bd3 Qb4 38. Qc2 Qb8 39. Kg2 Be7 40. Qf2 Qc8 41.
Qh4 Bf8 42. Rh1 Bg7 43. Kg3 c2 44. Bxc2 Rf7 45. Qh7+ Kf8 46. Qh8+ 1-0

[Event "Sao Paulo Hebraica 05th"]
[Site "Sao Paulo"]
[Date "2008.04.06"]
[Round "1"]
[White "Mekhitarian, Krikor Sevag"]
[Black "Perdomo, Leandro Daniel"]
[Result "1/2-1/2"]
[WhiteElo "2466"]
[BlackElo "2361"]
[PlyCount "185"]
[EventDate "2008.04.06"]
[EventType "tourn"]
[EventRounds "9"]
[EventCountry "BRA"]
[EventCategory "9"]
[SourceTitle "CBM 123 Extra"]
[Source "ChessBase"]
[SourceDate "2008.05.06"]
[SourceVersion "1"]
[SourceVersionDate "2008.05.06"]
[SourceQuality "1"]

1. e4 e5 2. Nf3 Nc6 3. Bb5 a6 4. Ba4 Nf6 5. O-O Be7 6. Re1 b5 7. Bb3 O-O 8. c3
d6 9. h3 Na5 10. Bc2 d5 11. exd5 e4 12. Bxe4 Nxe4 13. Rxe4 Bb7 14. Re1 Re8 15.
d4 Qxd5 16. Bf4 c5 17. dxc5 Qxc5 18. Nbd2 Bf6 19. Be3 Qd5 20. Bd4 Bg5 21. Nf1
Bf4 22. Be3 Qf5 23. Bxf4 Qxf4 24. Qd7 Red8 25. Qg4 Qf6 26. Qg5 Bxf3 27. Qxf6
gxf6 28. gxf3 Nc4 29. Re2 Rd3 30. Kg2 Kh8 31. Rae1 Rg8+ 32. Ng3 Ne5 33. Re3 Rd5
34. Kf1 Nc4 35. R3e2 Ne5 36. f4 Nd3 37. Rd1 Nxf4 38. Rxd5 Nxd5 39. Re4 Rg5 40.
Rd4 Ne3+ 41. Ke2 Nc4 42. b3 Nb6 43. Rd6 Re5+ 44. Kf3 Re6 45. Rd8+ Kg7 46. Kg4
h6 47. Nf5+ Kh7 48. Rf8 Re4+ 49. f4 Nd5 50. Rxf7+ Kh8 51. Kh5 Nxf4+ 52. Kxh6
Kg8 53. Ra7 Re6 54. h4 Kf8 55. Ra8+ Kf7 56. Ra7+ Kf8 57. Kh7 Re5 58. Ra8+ Kf7
59. Nh6+ Ke7 60. Ng8+ Kf7 61. Ra7+ Kf8 62. Nxf6 Rf5 63. Rxa6 Kf7 64. Ne4 Ke7
65. Ra7+ Kf8 66. Ra8+ Ke7 67. Ra7+ Kf8 68. Ng5 Ke8 69. Kg7 Ng2 70. Ne4 Kd8 71.
Nd6 Rd5 72. Nf7+ Kc8 73. Kf6 Nxh4 74. Ke6 Rc5 75. Nd6+ Kb8 76. Rb7+ Ka8 77.
Rxb5 Rxc3 78. Nc4 Nf3 79. Kd7 Rc2 80. Ra5+ Kb7 81. Rb5+ Ka6 82. Ra5+ Kb7 83.
Kd6 Nd4 84. Kd5 Ne2 85. Ke4 Rxa2 86. Rg5 Nc1 87. Rg1 Rc2 88. Rg3 Rh2 89. Kd5
Rh5+ 90. Ne5 Kb6 91. Rg8 Nd3 92. Re8 Rxe5+ 93. Rxe5 1/2-1/2

[Event "Sao Paulo Hebraica 05th"]
[Site "Sao Paulo"]
[Date "2008.04.07"]
[Round "2"]
[White "Leitao, Rafael Duailibe"]
[Black "Mekhitarian, Krikor Sevag"]
[Result "1/2-1/2"]
[WhiteElo "2604"]
[BlackElo "2466"]
[PlyCount "42"]
[EventDate "2008.04.06"]
[EventType "tourn"]
[EventRounds "9"]
[EventCountry "BRA"]
[EventCategory "9"]
[SourceTitle "CBM 123 Extra"]
[Source "ChessBase"]
[SourceDate "2008.05.06"]
[SourceVersion "1"]
[SourceVersionDate "2008.05.06"]
[SourceQuality "1"]

1. d4 Nf6 2. c4 g6 3. f3 d5 4. cxd5 Nxd5 5. e4 Nb6 6. Nc3 Bg7 7. Be3 O-O 8. Qd2
Nc6 9. O-O-O e5 10. d5 Nd4 11. f4 c5 12. fxe5 Bg4 13. Re1 Bxe5 14. h3 Bd7 15.
Nf3 Nxf3 16. gxf3 f5 17. Bxc5 fxe4 18. Bxf8 Qxf8 19. Rxe4 Bg7 20. Bd3 Rc8 21.
Kb1 Bf5 1/2-1/2

[Event "Sao Paulo Hebraica 05th"]
[Site "Sao Paulo"]
[Date "2008.04.08"]
[Round "3"]
[White "Mekhitarian, Krikor Sevag"]
[Black "Coelho, Luis Henrique"]
[Result "0-1"]
[WhiteElo "2466"]
[BlackElo "2392"]
[PlyCount "90"]
[EventDate "2008.04.06"]
[EventType "tourn"]
[EventRounds "9"]
[EventCountry "BRA"]
[EventCategory "9"]
[SourceTitle "CBM 123 Extra"]
[Source "ChessBase"]
[SourceDate "2008.05.06"]
[SourceVersion "1"]
[SourceVersionDate "2008.05.06"]
[SourceQuality "1"]

1. e4 e6 2. d4 d5 3. Nc3 Bb4 4. e5 c5 5. a3 Bxc3+ 6. bxc3 Qc7 7. Qg4 Ne7 8.
Qxg7 Rg8 9. Qxh7 cxd4 10. Ne2 Nbc6 11. f4 Bd7 12. Qd3 dxc3 13. Rg1 O-O-O 14. g4
d4 15. Rb1 Be8 16. Rg3 Nd5 17. g5 Nde7 18. Bg2 Nf5 19. Rh3 Na5 20. Be4 Kb8 21.
Rb4 Bc6 22. Bxf5 exf5 23. Nxd4 Qd7 24. Nxf5 Qe6 25. Rd4 Bd7 26. Re3 Qxf5 27. e6
fxe6 28. Rxd7 Rxd7 29. Qxd7 Qxc2 30. Qd1 Qxh2 31. Rd3 Qg1+ 32. Ke2 Qg2+ 33. Ke1
Qg1+ 34. Ke2 Qg2+ 35. Ke1 Nc6 36. Qf3 Qg1+ 37. Qf1 Qc5 38. Qf3 Rh8 39. Rxc3
Qg1+ 40. Qf1 Qd4 41. Rd3 Qe4+ 42. Re3 Qc2 43. Bd2 Qb1+ 44. Kf2 Rh2+ 45. Kg1
Rh1+ 0-1

[Event "Sao Paulo Hebraica 05th"]
[Site "Sao Paulo"]
[Date "2008.04.09"]
[Round "4"]
[White "Rodi, Luis Ernesto"]
[Black "Mekhitarian, Krikor Sevag"]
[Result "0-1"]
[WhiteElo "2340"]
[BlackElo "2466"]
[PlyCount "100"]
[EventDate "2008.04.06"]
[EventType "tourn"]
[EventRounds "9"]
[EventCountry "BRA"]
[EventCategory "9"]
[SourceTitle "CBM 123 Extra"]
[Source "ChessBase"]
[SourceDate "2008.05.06"]
[SourceVersion "1"]
[SourceVersionDate "2008.05.06"]
[SourceQuality "1"]

1. e4 c5 2. Nc3 e6 3. Nf3 a6 4. g3 b5 5. Bg2 Bb7 6. d4 cxd4 7. Nxd4 Nf6 8. O-O
b4 9. Na4 Bxe4 10. Bxe4 Nxe4 11. Re1 d5 12. c4 bxc3 13. Nxc3 Nf6 14. Bg5 Bc5
15. Bxf6 Qxf6 16. Nxd5 Qxd4 17. Nc7+ Ke7 18. Qxd4 Bxd4 19. Nxa8 Nc6 20. Nc7 Kd6
21. Nxa6 Ra8 22. Red1 Rxa6 23. b4 Ra4 24. b5 Na5 25. Rab1 Kc7 26. Rd2 Kb6 27.
Kg2 e5 28. Rc2 Nc4 29. Rb3 f5 30. h3 e4 31. Re2 Ne5 32. g4 Nd3 33. Rd2 g6 34.
gxf5 gxf5 35. Kf1 Rc4 36. Rbxd3 exd3 37. Rxd3 Kxb5 38. Rf3 Rc5 39. Rf4 Kc4 40.
Rh4 Rc7 41. Kg2 Kd5 42. a4 Rc2 43. Rxh7 Rxf2+ 44. Kg3 f4+ 45. Kg4 Ke4 46. Re7+
Be5 47. h4 f3 48. h5 Rg2+ 49. Kh3 Rg3+ 50. Kh4 f2 0-1

[Event "Sao Paulo Hebraica 05th"]
[Site "Sao Paulo"]
[Date "2008.04.10"]
[Round "5"]
[White "Mekhitarian, Krikor Sevag"]
[Black "Matsuura, Everaldo"]
[Result "1-0"]
[WhiteElo "2466"]
[BlackElo "2500"]
[PlyCount "75"]
[EventDate "2008.04.06"]
[EventType "tourn"]
[EventRounds "9"]
[EventCountry "BRA"]
[EventCategory "9"]
[SourceTitle "CBM 123 Extra"]
[Source "ChessBase"]
[SourceDate "2008.05.06"]
[SourceVersion "1"]
[SourceVersionDate "2008.05.06"]
[SourceQuality "1"]

1. e4 c5 2. Nf3 Nc6 3. d4 cxd4 4. Nxd4 g6 5. c4 Bg7 6. Be3 Nf6 7. Nc3 O-O 8.
Be2 d6 9. O-O Bd7 10. Nc2 Rc8 11. Qd2 Ng4 12. Bf4 f5 13. h3 Nf6 14. exf5 gxf5
15. Rad1 Ne5 16. b3 Qe8 17. Bh6 Bxh6 18. Qxh6 Qg6 19. Qxg6+ Nxg6 20. f4 Ne4 21.
Nxe4 fxe4 22. g3 Bxh3 23. Rf2 e5 24. fxe5 dxe5 25. Rxf8+ Rxf8 26. c5 Be6 27.
Ne3 Kf7 28. b4 Ke7 29. Nd5+ Bxd5 30. Rxd5 Rd8 31. Bc4 e3 32. Kf1 b6 33. cxb6
axb6 34. Rxd8 Kxd8 35. Bd3 Nf8 36. Bf5 Ke7 37. a4 Kf6 38. g4 1-0

[Event "Sao Paulo Hebraica 05th"]
[Site "Sao Paulo"]
[Date "2008.04.12"]
[Round "7"]
[White "Mekhitarian, Krikor Sevag"]
[Black "Greenfeld, Alon"]
[Result "1/2-1/2"]
[WhiteElo "2466"]
[BlackElo "2575"]
[PlyCount "67"]
[EventDate "2008.04.06"]
[EventType "tourn"]
[EventRounds "9"]
[EventCountry "BRA"]
[EventCategory "9"]
[SourceTitle "CBM 123 Extra"]
[Source "ChessBase"]
[SourceDate "2008.05.06"]
[SourceVersion "1"]
[SourceVersionDate "2008.05.06"]
[SourceQuality "1"]

1. e4 e5 2. Nf3 Nc6 3. Bb5 a6 4. Ba4 Nf6 5. O-O Be7 6. Re1 b5 7. Bb3 O-O 8. c3
d5 9. exd5 Nxd5 10. Nxe5 Nxe5 11. Rxe5 c6 12. Re1 Bd6 13. g3 Qd7 14. d3 Qh3 15.
Re4 Qf5 16. Nd2 Qg6 17. Re1 Bg4 18. f3 Bh5 19. Ne4 Rae8 20. Kg2 Bc7 21. Bd2 Kh8
22. Nf2 f5 23. Bxd5 cxd5 24. Rxe8 Rxe8 25. d4 Qe6 26. Qf1 Qe2 27. Qxe2 Rxe2 28.
Rd1 h6 29. h3 g5 30. g4 Bg6 31. Kf1 Re7 32. Re1 Rxe1+ 33. Bxe1 fxg4 34. Nxg4
1/2-1/2

[Event "Sao Paulo Hebraica 05th"]
[Site "Sao Paulo"]
[Date "2008.04.13"]
[Round "8"]
[White "Mekhitarian, Krikor Sevag"]
[Black "Diamant, Andre"]
[Result "1/2-1/2"]
[WhiteElo "2466"]
[BlackElo "2407"]
[PlyCount "84"]
[EventDate "2008.04.06"]
[EventType "tourn"]
[EventRounds "9"]
[EventCountry "BRA"]
[EventCategory "9"]
[SourceTitle "CBM 123 Extra"]
[Source "ChessBase"]
[SourceDate "2008.05.06"]
[SourceVersion "1"]
[SourceVersionDate "2008.05.06"]
[SourceQuality "1"]

1. e4 c5 2. Nf3 Nc6 3. d4 cxd4 4. Nxd4 g6 5. Nc3 Bg7 6. Be3 Nf6 7. Bc4 O-O 8.
Bb3 a5 9. O-O Nxd4 10. Bxd4 d6 11. Re1 Bd7 12. a3 Bc6 13. Nd5 Nd7 14. Bxg7 Kxg7
15. Qd4+ Kg8 16. Rad1 b5 17. Re3 e6 18. Nc3 Nc5 19. Qxd6 Qb6 20. Bd5 Rac8 21.
Bxc6 Rfd8 22. Bd7 Qxd6 23. Rxd6 Rxd7 24. Nxb5 Rb7 25. c4 Nxe4 26. Rxe4 Rxb5 27.
Rd2 Rd5 28. Red4 Rxc4 29. Rxd5 exd5 30. Kf1 Rc5 31. Ke1 Kg7 32. Re2 Kf6 33. Kd2
a4 34. Re3 d4 35. Re4 Rb5 36. Kc1 Rc5+ 37. Kd1 Rb5 38. Rxd4 Rxb2 39. Ke1 Rb1+
40. Ke2 Rb2+ 41. Ke3 Rb3+ 42. Rd3 Rb2 1/2-1/2

[Event "Sao Paulo Hebraica 05th"]
[Site "Sao Paulo"]
[Date "2008.04.14"]
[Round "9"]
[White "Milos, Gilberto"]
[Black "Mekhitarian, Krikor Sevag"]
[Result "1-0"]
[WhiteElo "2594"]
[BlackElo "2466"]
[PlyCount "39"]
[EventDate "2008.04.06"]
[EventType "tourn"]
[EventRounds "9"]
[EventCountry "BRA"]
[EventCategory "9"]
[SourceTitle "CBM 123 Extra"]
[Source "ChessBase"]
[SourceDate "2008.05.06"]
[SourceVersion "1"]
[SourceVersionDate "2008.05.06"]
[SourceQuality "1"]

1. e4 c5 2. Nf3 d6 3. d4 cxd4 4. Nxd4 Nf6 5. Nc3 g6 6. Be2 Bg7 7. O-O Nc6 8.
Nb3 O-O 9. Bg5 b6 10. f4 Bb7 11. Qe1 Na5 12. Qh4 Rc8 13. Rad1 h6 14. Bxh6 Nxe4
15. Nxe4 Bxe4 16. f5 Bxc2 17. Bxg7 Kxg7 18. Nd4 Rh8 19. Qg4 d5 20. Ne6+ 1-0

[Event "Vlissingen HZ op 12th"]
[Site "Vlissingen"]
[Date "2008.08.03"]
[Round "2"]
[White "Mekhitarian, Krikor Sevag"]
[Black "In't Veld, Rene"]
[Result "1-0"]
[WhiteElo "2504"]
[BlackElo "2102"]
[PlyCount "100"]
[EventDate "2008.08.02"]
[EventType "swiss"]
[EventRounds "9"]
[EventCountry "NED"]
[SourceTitle "CBM 125 Extra"]
[Source "ChessBase"]
[SourceDate "2008.09.01"]
[SourceVersion "1"]
[SourceVersionDate "2008.09.01"]
[SourceQuality "1"]

1. e4 e5 2. Nf3 Nc6 3. Bb5 a6 4. Ba4 Nf6 5. O-O Be7 6. Re1 b5 7. Bb3 O-O 8. h3
Bb7 9. d3 d6 10. a3 Qd7 11. Nc3 Na5 12. Ba2 c5 13. Bg5 Ne8 14. Bd2 Bd8 15. Nd5
Bxd5 16. exd5 Nb7 17. b4 Bf6 18. c3 a5 19. bxc5 Nxc5 20. d4 exd4 21. Nxd4 Bxd4
22. cxd4 Na4 23. Rc1 Nf6 24. Rc6 Qf5 25. Qb1 Qxb1 26. Rxb1 Ne4 27. Be1 b4 28.
axb4 axb4 29. Bxb4 Nac3 30. Bxc3 Rxa2 31. Be1 Rd8 32. f3 Nf6 33. Rxd6 Raa8 34.
Rxd8+ Rxd8 35. Bh4 Kf8 36. Bxf6 gxf6 37. Rb5 f5 38. g3 f4 39. gxf4 Kg7 40. Kf2
Kf6 41. Ke3 Re8+ 42. Kd3 Kf5 43. d6+ Kxf4 44. d7 Rd8 45. Rd5 f5 46. Kc4 Kxf3
47. Rxf5+ Kg3 48. Rf7 h5 49. Kc5 Kxh3 50. Kc6 h4 1-0

[Event "Vlissingen HZ op 12th"]
[Site "Vlissingen"]
[Date "2008.08.03"]
[Round "3"]
[White "Timmermans, Ivo"]
[Black "Mekhitarian, Krikor Sevag"]
[Result "0-1"]
[WhiteElo "2220"]
[BlackElo "2504"]
[PlyCount "82"]
[EventDate "2008.08.02"]
[EventType "swiss"]
[EventRounds "9"]
[EventCountry "NED"]
[SourceTitle "CBM 125 Extra"]
[Source "ChessBase"]
[SourceDate "2008.09.01"]
[SourceVersion "1"]
[SourceVersionDate "2008.09.01"]
[SourceQuality "1"]

1. e4 c5 2. Nf3 e6 3. d4 cxd4 4. Nxd4 a6 5. Bd3 Bc5 6. Nb3 Be7 7. O-O d6 8. Qe2
Nd7 9. c4 Ngf6 10. Nc3 b6 11. Rd1 Qc7 12. Be3 O-O 13. Rac1 Bb7 14. Nd4 Rac8 15.
f3 Qb8 16. a3 Bd8 17. b4 Bc7 18. f4 Qa8 19. Bf2 Rfe8 20. Bb1 Qb8 21. Rd3 e5 22.
fxe5 Nxe5 23. Rh3 Bd8 24. Ba2 Ng6 25. Re3 Ne5 26. Rh3 g6 27. Rf1 Nfg4 28. Bh4
Rc7 29. Rf4 Bxh4 30. Rxh4 h5 31. Rh3 Qd8 32. Nf3 b5 33. Nxe5 dxe5 34. Rd3 Qh4
35. g3 Qxh2+ 36. Qxh2 Nxh2 37. Rf6 Ng4 38. Rb6 bxc4 39. Bxc4 Rxc4 40. Rxb7 Rec8
41. Ne2 Rc2 0-1

[Event "Vlissingen HZ op 12th"]
[Site "Vlissingen"]
[Date "2008.08.04"]
[Round "4"]
[White "Mekhitarian, Krikor Sevag"]
[Black "Bruzon Batista, Lazaro"]
[Result "1/2-1/2"]
[WhiteElo "2504"]
[BlackElo "2592"]
[PlyCount "89"]
[EventDate "2008.08.02"]
[EventType "swiss"]
[EventRounds "9"]
[EventCountry "NED"]
[SourceTitle "CBM 125 Extra"]
[Source "ChessBase"]
[SourceDate "2008.09.01"]
[SourceVersion "1"]
[SourceVersionDate "2008.09.01"]
[SourceQuality "1"]

1. e4 e5 2. Nf3 Nc6 3. Bb5 Nf6 4. O-O Nxe4 5. d4 Nd6 6. Bxc6 dxc6 7. dxe5 Nf5
8. Qxd8+ Kxd8 9. Nc3 Bd7 10. h3 h6 11. Bf4 Kc8 12. Rad1 b6 13. a3 c5 14. Rd3
Be6 15. Rfd1 Ne7 16. Rd8+ Kb7 17. Rxa8 Kxa8 18. g4 Kb7 19. Kg2 Nc6 20. Nd5 Kc8
21. Bg3 Be7 22. Nxe7+ Nxe7 23. Nh2 h5 24. f4 g6 25. Rd2 a5 26. Bf2 Nd5 27. Kg3
hxg4 28. Nxg4 a4 29. h4 Ne7 30. Ne3 Kb7 31. Kf3 Nc6 32. c3 Ne7 33. Bg3 Kc6 34.
Rh2 Nf5 35. Nxf5 Bxf5 36. Rd2 Kb5 37. Ke2 Bg4+ 38. Kd3 Rd8+ 39. Ke3 Rxd2 40.
Kxd2 Kc4 41. Bf2 Bf5 42. Bg1 b5 43. Bf2 Kd5 44. Ke3 b4 45. Bg1 1/2-1/2

[Event "Vlissingen HZ op 12th"]
[Site "Vlissingen"]
[Date "2008.08.08"]
[Round "8"]
[White "Mekhitarian, Krikor Sevag"]
[Black "Van Eijk, Sander"]
[Result "1/2-1/2"]
[WhiteElo "2504"]
[BlackElo "2315"]
[PlyCount "228"]
[EventDate "2008.08.02"]
[EventType "swiss"]
[EventRounds "9"]
[EventCountry "NED"]
[SourceTitle "CBM 125 Extra"]
[Source "ChessBase"]
[SourceDate "2008.09.01"]
[SourceVersion "1"]
[SourceVersionDate "2008.09.01"]
[SourceQuality "1"]

1. e4 c5 2. Nf3 Nc6 3. d4 cxd4 4. Nxd4 Qb6 5. Nb3 Nf6 6. Nc3 e6 7. a3 Qc7 8. f4
d6 9. Bd3 a6 10. O-O Be7 11. Qf3 O-O 12. Bd2 b5 13. Rae1 Bb7 14. Qh3 Rad8 15.
Kh1 Rfe8 16. Ne2 e5 17. Ng3 Bc8 18. Nf5 Bxf5 19. Qxf5 Qd7 20. Na5 Nd4 21. Qxd7
Nxd7 22. Be3 Ne6 23. fxe5 Nxe5 24. Be2 Rc8 25. Rc1 Nc5 26. b4 Nxe4 27. c4 Rb8
28. cxb5 axb5 29. Ba7 Bg5 30. Bxb8 Bxc1 31. Rxc1 Rxb8 32. Bxb5 g6 33. Be2 Kg7
34. Kg1 d5 35. Nc6 Nxc6 36. Rxc6 Ra8 37. Ba6 d4 38. Kf1 Re8 39. Bd3 Nd2+ 40.
Kf2 Re3 41. Bc2 Rxa3 42. Ke2 Nb3 43. b5 Nc1+ 44. Kd2 Nb3+ 45. Ke2 Nc1+ 46. Kd1
Na2 47. Kd2 Nb4 48. Rc4 Nxc2 49. Kxc2 d3+ 50. Kb2 d2 51. Kc2 Ra2+ 52. Kd1 Rb2
53. Rc5 f5 54. Rd5 Kf6 55. Rxd2 Rxb5 56. Ke2 Rb3 57. Kf2 Kg5 58. g3 h5 59. Kg2
h4 60. Rc2 Re3 61. Rf2 Kf6 62. Ra2 g5 63. gxh4 gxh4 64. Ra6+ Kg5 65. Ra4 Re4
66. Ra2 Kg4 67. Rb2 Ra4 68. h3+ Kf4 69. Kf2 Ra3 70. Rb4+ Kg5 71. Kg2 Rg3+ 72.
Kh2 Re3 73. Ra4 Re2+ 74. Kg1 Re4 75. Ra3 Kf4 76. Kf2 Rb4 77. Ra2 Rd4 78. Rb2
Ke4 79. Re2+ Kf4 80. Rb2 Ra4 81. Rc2 Ra1 82. Rc4+ Kg5 83. Rc2 Ra3 84. Kg2 Re3
85. Rc4 Re2+ 86. Kg1 Re4 87. Rc3 Rd4 88. Kf2 Kf4 89. Rc2 Ke4 90. Re2+ Kf4 91.
Rb2 Ke5 92. Re2+ Re4 93. Rb2 Rc4 94. Re2+ Re4 95. Rb2 Ra4 96. Rc2 Ra3 97. Kg2
Rg3+ 98. Kf2 Rxh3 99. Rc5+ Kf4 100. Rc4+ Kg5 101. Kg2 Ra3 102. Rb4 f4 103. Rb8
h3+ 104. Kf2 Ra6 105. Kf3 h2 106. Rh8 Ra3+ 107. Kf2 Kg4 108. Rg8+ Kf5 109. Rh8
Ra6 110. Kf3 Kg5 111. Rxh2 Ra3+ 112. Kf2 Kg4 113. Rg2+ Kf5 114. Rg8 Ra2+
1/2-1/2

[Event "Vlissingen HZ op 12th"]
[Site "Vlissingen"]
[Date "2008.08.09"]
[Round "9"]
[White "De Jong, Migchiel"]
[Black "Mekhitarian, Krikor Sevag"]
[Result "1/2-1/2"]
[WhiteElo "2324"]
[BlackElo "2504"]
[PlyCount "91"]
[EventDate "2008.08.02"]
[EventType "swiss"]
[EventRounds "9"]
[EventCountry "NED"]
[SourceTitle "CBM 125 Extra"]
[Source "ChessBase"]
[SourceDate "2008.09.01"]
[SourceVersion "1"]
[SourceVersionDate "2008.09.01"]
[SourceQuality "1"]

1. e4 c5 2. Nf3 d6 3. d4 cxd4 4. Nxd4 Nf6 5. Nc3 Nc6 6. f3 e5 7. Nb3 Be7 8. Be3
O-O 9. Qd2 a5 10. Bb5 Be6 11. Rd1 Na7 12. Be2 Nc6 13. Bb5 Na7 14. Be2 Nc8 15.
Nd5 Bxd5 16. exd5 Qc7 17. c4 a4 18. Na1 Nd7 19. Nc2 Qb8 20. O-O Bd8 21. Kh1 Bb6
22. f4 Qc7 23. Bd3 Bxe3 24. Nxe3 exf4 25. Rxf4 Ne7 26. Rh4 f5 27. g4 Ne5 28.
Nxf5 Nf3 29. Qf2 Nxh4 30. Qxh4 Nxf5 31. Bxf5 g6 32. Be6+ Kh8 33. g5 Qg7 34. c5
dxc5 35. d6 Qxb2 36. d7 Qe2 37. Qe1 Qxe1+ 38. Rxe1 Rad8 39. Rb1 h6 40. Rxb7
hxg5 41. Rc7 Kg7 42. Rxc5 Kf6 43. Bg4 Rb8 44. Rc6+ Ke5 45. Kg2 a3 46. Kg3
1/2-1/2

[Event "Manresa op 35th"]
[Site "Manresa"]
[Date "2008.08.14"]
[Round "3"]
[White "Mekhitarian, Krikor Sevag"]
[Black "Molano Lafuente, Ismael"]
[Result "1-0"]
[WhiteElo "2504"]
[BlackElo "2107"]
[PlyCount "73"]
[EventDate "2008.08.12"]
[EventType "swiss"]
[EventRounds "9"]
[EventCountry "ESP"]
[SourceTitle "CBM 125 Extra"]
[Source "ChessBase"]
[SourceDate "2008.09.01"]
[SourceVersion "1"]
[SourceVersionDate "2008.09.01"]
[SourceQuality "1"]

1. e4 e5 2. Nf3 Nc6 3. Bb5 a6 4. Ba4 Nf6 5. O-O Be7 6. Re1 b5 7. Bb3 Bb7 8. c3
d5 9. exd5 Nxd5 10. Nxe5 Nxe5 11. Rxe5 Nf4 12. Rf5 Qd6 13. d4 Nxg2 14. Bxf7+
Kd8 15. Qe2 Nh4 16. Bf4 Qd7 17. Be6 Qe8 18. Rd5+ Bxd5 19. Bxd5 Qg6+ 20. Kh1 c6
21. Be4 Qf7 22. Bg3 Rc8 23. Nd2 Nf5 24. Be5 Rf8 25. f4 g6 26. a4 Bf6 27. Nf3
Re8 28. axb5 axb5 29. Ra6 Bxe5 30. Nxe5 Qb7 31. Ra1 Nd6 32. Bg2 Nf7 33. Bh3 Rc7
34. Qd3 Rce7 35. Ra7 Qxa7 36. Nxc6+ Kc7 37. Nxa7 1-0

[Event "Manresa op 35th"]
[Site "Manresa"]
[Date "2008.08.16"]
[Round "5"]
[White "Mekhitarian, Krikor Sevag"]
[Black "Ferreira, Henrique Camara"]
[Result "1-0"]
[WhiteElo "2504"]
[BlackElo "2151"]
[PlyCount "101"]
[EventDate "2008.08.12"]
[EventType "swiss"]
[EventRounds "9"]
[EventCountry "ESP"]
[SourceTitle "CBM 125 Extra"]
[Source "ChessBase"]
[SourceDate "2008.09.01"]
[SourceVersion "1"]
[SourceVersionDate "2008.09.01"]
[SourceQuality "1"]

1. e4 e5 2. Nf3 Nc6 3. Bb5 Nf6 4. O-O Nxe4 5. d4 Nd6 6. Bxc6 dxc6 7. dxe5 Nf5
8. Qxd8+ Kxd8 9. Nc3 h6 10. h3 Be7 11. g4 Nh4 12. Nxh4 Bxh4 13. Kg2 Be6 14. Be3
b6 15. a4 Ke7 16. a5 f5 17. exf6+ Bxf6 18. Bf4 Bxc3 19. bxc3 Bd5+ 20. Kg3 Kd7
21. Be5 Rhg8 22. f4 b5 23. a6 c5 24. Rfd1 Kc6 25. Bxc7 g5 26. Be5 Rad8 27. Rd2
Bc4 28. Rxd8 Rxd8 29. Bg7 Re8 30. Be5 Kb6 31. h4 b4 32. cxb4 cxb4 33. Bd4+ Kc6
34. Bxa7 gxf4+ 35. Kxf4 Ra8 36. Be3 Bxa6 37. Kg3 h5 38. gxh5 Rg8+ 39. Bg5 Be2
40. h6 Bh5 41. h7 Rh8 42. Ra6+ Kd5 43. Rh6 Bg6 44. Rxg6 Rxh7 45. Rb6 Rc7 46.
Rxb4 Rxc2 47. Rb6 Ke4 48. Kg4 Rg2+ 49. Kh5 Rh2 50. Kg6 Rb2 51. Rxb2 1-0

[Event "Manresa op 35th"]
[Site "Manresa"]
[Date "2008.08.17"]
[Round "6"]
[White "Lorenzo de la Riva, Lazaro"]
[Black "Mekhitarian, Krikor Sevag"]
[Result "0-1"]
[WhiteElo "2367"]
[BlackElo "2504"]
[PlyCount "130"]
[EventDate "2008.08.12"]
[EventType "swiss"]
[EventRounds "9"]
[EventCountry "ESP"]
[SourceTitle "CBM 125 Extra"]
[Source "ChessBase"]
[SourceDate "2008.09.01"]
[SourceVersion "1"]
[SourceVersionDate "2008.09.01"]
[SourceQuality "1"]

1. e4 c5 2. Nf3 d6 3. d4 cxd4 4. Nxd4 Nf6 5. Nc3 e6 6. g3 a6 7. a4 Bd7 8. Bg2
Nc6 9. Nb3 Be7 10. O-O O-O 11. f4 Rc8 12. g4 e5 13. f5 Ne8 14. Be3 Bg5 15. Qd2
h6 16. Nd5 Bxe3+ 17. Nxe3 Ne7 18. Na5 Bc6 19. Rfd1 Nf6 20. Nxc6 bxc6 21. c4 Qb6
22. a5 Qa7 23. Kh1 Rfd8 24. b4 Rb8 25. Rab1 d5 26. cxd5 cxd5 27. exd5 Nc6 28.
h3 Rxb4 29. Rxb4 Nxb4 30. Qxb4 Qxe3 31. Qb6 Qxb6 32. axb6 Rb8 33. d6 Kf8 34. b7
Ke8 35. Bc6+ Kd8 36. Kg2 Ne8 37. Kf3 Nxd6 38. Rxd6+ Kc7 39. Rd7+ Kxc6 40. Rxf7
Rxb7 41. Rxb7 Kxb7 42. Ke4 a5 43. Kxe5 a4 44. Kd4 a3 45. Kc3 Kc6 46. h4 Kd5 47.
g5 h5 48. Kb3 Ke5 49. f6 gxf6 50. g6 Ke6 51. Kxa3 Ke7 52. Kb4 Kf8 53. Kc5 Kg7
54. Kd4 Kxg6 55. Ke4 Kf7 56. Kf4 Kf8 57. Ke4 Ke7 58. Kd5 Kd7 59. Ke4 Ke6 60.
Kf4 f5 61. Kg5 Ke5 62. Kxh5 f4 63. Kg4 Ke4 64. h5 f3 65. Kg3 Ke3 0-1